Dosahy migrácie na podnikateľské prostredie hostiteľskej krajiny s akcentom na Nemecko

Pozitívne a negatívne dosahy migrantov na pracovnom trhu v hostiteľskej krajine s dôrazom na význam kvalifikovanej pracovnej sily pre nemeckú ekonomiku a jej podnikateľské prostredie.

Uložené v:
Podrobná bibliografia
Hlavný autor: Zorkóciová, Otília, 1954-
Ďalší autori: Ďuranová, Lucia
Médium: Kapitola
Jazyk:Slovak
Predmet:
Tagy: Pridať tag
Žiadne tagy, Buďte prvý, kto otaguje tento záznam!

MARC

LEADER 00000naa$a2200000$$$4500
001 0226314
005 20240502073723.4
041 0 |a slo 
044 |a SK 
245 1 0 |a Dosahy migrácie na podnikateľské prostredie hostiteľskej krajiny s akcentom na Nemecko  |c Otília Zorkóciová, Lucia Ďuranová 
520 |a Pozitívne a negatívne dosahy migrantov na pracovnom trhu v hostiteľskej krajine s dôrazom na význam kvalifikovanej pracovnej sily pre nemeckú ekonomiku a jej podnikateľské prostredie. 
610 2 0 |a pohyb síl pracovných medzinárodný 
610 2 0 |a práca v zahraničí 
610 2 0 |a pracovníci zahraniční 
610 2 0 |a kvalifikácia 
610 2 0 |a prostredie podnikateľské 
610 2 0 |a migrácia 
610 2 0 |a Nemecko 
100 1 |a Zorkóciová, Otília, 1954- 
700 1 |a Ďuranová, Lucia